Exploring the Legacy of the 1948 Arnhem Land Expedition (Record no. 351104)
[ view plain ]
| 000 -LEADER | |
|---|---|
| fixed length control field | 00553nam a2200121Ia 4500 |
| 008 - FIXED-LENGTH DATA ELEMENTS--GENERAL INFORMATION | |
| fixed length control field | 171212s9999 xx 000 0 und d |
| 020 ## - INTERNATIONAL STANDARD BOOK NUMBER | |
| International Standard Book Number | 9781921666445 |
| 245 ## - TITLE STATEMENT | |
| Statement of responsibility, etc | editor Thomas, Martin;Neale, Margo |
| Title | Exploring the Legacy of the 1948 Arnhem Land Expedition |
| 260 ## - PUBLICATION, DISTRIBUTION, ETC. (IMPRINT) | |
| Name of publisher, distributor, etc | ANU E Press |
| Date of publication, distribution, etc | 2011 |
| 650 ## - SUBJECT ADDED ENTRY--TOPICAL TERM | |
| Topical term or geographic name as entry element | American-Australian Scientific Expedition to Arnhem Land (1948); Aboriginal Australians -- Northern Territory -- Arnhem Land; Arnhem Land (N.T.) -- Discovery and exploration |
| 650 ## - SUBJECT ADDED ENTRY--TOPICAL TERM | |
| Topical term or geographic name as entry element | History |
| 856 ## - ELECTRONIC LOCATION AND ACCESS | |
| Uniform Resource Identifier | <a href="www.jstor.org/stable/10.2307/j.ctt24h9p1">www.jstor.org/stable/10.2307/j.ctt24h9p1</a> |
| Withdrawn status | Lost status | Damaged status | Home library | Current library | Date acquired | Total Checkouts | Date last seen | Price effective from | Koha item type |
|---|---|---|---|---|---|---|---|---|---|
| College Library | College Library | 12/12/2017 | 12/12/2017 | 12/12/2017 | Curriculum - Based eBooks |